Budúcnosť nášho sveta prosperita alebo zánik?
Gespeichert in:
| 1. Verfasser: | |
|---|---|
| Format: | Buch |
| Sprache: | Slowakisch |
| Veröffentlicht: |
Kežmarok
TORDEN
2023
|
| Ausgabe: | 1. vydanie |
| Schlagworte: | |
| Tags: |
Keine Tags, Fügen Sie das erste Tag hinzu!
|
MARC
| LEADER | 00000nam a2200000 4500 | ||
|---|---|---|---|
| 001 | 0305504 | ||
| 005 | 20250219155243.7 | ||
| 020 | |a 978-80-8223-185-7 | ||
| 041 | 0 | |a slo | |
| 044 | |a SK | ||
| 245 | 1 | 0 | |a Budúcnosť nášho sveta |b prosperita alebo zánik? |c Herbert G. Wells |
| 250 | |a 1. vydanie | ||
| 264 | 1 | |a Kežmarok |b TORDEN |c 2023 | |
| 300 | |a 260 s. | ||
| 610 | 2 | 0 | |a politika medzinárodná |
| 610 | 2 | 0 | |a prosperita ekonomická |
| 610 | 2 | 0 | |a blahobyt |
| 610 | 2 | 0 | |a boj triedny |
| 610 | 2 | 0 | |a ochrana ľudských práv |
| 100 | 1 | |a Wells, H.G. | |